Monographie des Picos de Europa (Record no. 137003)
[ view plain ]
| 000 -LEADER | |
|---|---|
| campo de control de longitud fija | 00859nam a2200193 i 4500 |
| 001 - NÚMERO DE CONTROL | |
| campo de control | 137003 |
| 003 - IDENTIFICADOR DE NÚMERO DE CONTROL | |
| campo de control | ES-MaACL |
| 005 - FECHA Y HORA DE LA ÚLTIMA TRANSACCIÓN | |
| campo de control | 20230906195302.0 |
| 007 - CAMPO FIJO DE DESCRIPCIÓN FÍSICA--INFORMACIÓN GENERAL | |
| campo de control de longitud fija | t| |
| 008 - DATOS DE LONGITUD FIJA--INFORMACIÓN GENERAL | |
| campo de control de longitud fija | 070214s1922 fr r ||||1| fre d |
| 100 1# - ENTRADA PRINCIPAL--NOMBRE DE PERSONA | |
| Nombre de persona | Saint-Saud, Aymard de ( |
| Fechas asociadas al nombre | 1853-1932) |
| 9 (RLIN) | 149331 |
| 245 10 - MENCIÓN DEL TÍTULO | |
| Título | Monographie des Picos de Europa |
| Resto del título | : (pyrénées Cantabriques et Asturiennes) : etudes et voyages / |
| Mención de responsabilidad, etc. | Comte de Saint-Saud ; cartes dressées et dessinées par le Colonel L. Maury ; notes scientifiques par le même ; calculs par les colonels Prudent et Maury, M.M. Eydoux et de Saint-Saud ; préface par F. Schrader. |
| 260 ## - PUBLICACIÓN, DISTRIBUCIÓN, ETC. | |
| Lugar de publicación, distribución, etc. | Paris : |
| Nombre del editor, distribuidor, etc. | Girard & Barrère, |
| Fecha de publicación, distribución, etc. | 1922. |
| 300 ## - DESCRIPCIÓN FÍSICA | |
| Extensión | 2 v. ; |
| Dimensiones | 25 cm. |
| 651 #4 - PUNTO DE ACCESO ADICIONAL DE MATERIA--NOMBRE GEOGRÁFICO | |
| Nombre geográfico | Picos de Europa (España)- |
| Subdivisión general | Descripción. |
| 9 (RLIN) | 143550 |
| 700 1# - ENTRADA AGREGADA--NOMBRE PERSONAL | |
| Nombre de persona | Maury, L. |
| 9 (RLIN) | 79276 |
| 700 1# - ENTRADA AGREGADA--NOMBRE PERSONAL | |
| Nombre de persona | Schrader, Franz ( |
| Fechas asociadas al nombre | 1844-1924) |
| 9 (RLIN) | 154257 |
| 852 ## - LOCALIZACIÓN | |
| Ubicación | ES-MaACL |
| Número de control de estantería | F-1953-54 |
| Estatus retirado | Estado de pérdida | Estado de daño | No para préstamo | Biblioteca de origen | Biblioteca actual | Ubicación en estantería | Fecha de adquisición | Fuente de adquisición | Total de préstamos | Signatura topográfica completa | Código de barras | Visto por última vez | Precio de reemplazo | Tipo de ítem Koha |
|---|---|---|---|---|---|---|---|---|---|---|---|---|---|---|
| Biblioteca del Ateneo de Madrid | Biblioteca del Ateneo de Madrid | Depósito 2 | 17/01/2008 | F-1953-54 | 1142575 | 23/02/2023 | 23/02/2023 | Libro impreso |
